| 000 | 00863cab a22002295a 4500 | ||
|---|---|---|---|
| 001 | L150655 | ||
| 008 | 100809e2010 xxk 000 0 eng d | ||
| 035 | _a(Sirsi) u150655 | ||
| 041 | 0 | _aeng | |
| 050 | _a693.5 $2 18 | ||
| 100 | 1 | _aRichardson, Alan | |
| 245 | 0 | 0 | _aConcrete with crushed, graded and washed recycled construction demolition waste as a coarse aggregate replacement |
| 260 | _c2010 | ||
| 490 |
_aStructural Survey _v28(2) 142-148(7) |
||
| 520 | _aInvestigates ways of incorporating construction demolition waste as recycled aggregate to reduce the environmental impact of the production of concrete. | ||
| 590 | _aKA | ||
| 651 | 4 | _aUnited Kingdom | |
| 690 | _aBUILT ENVIRONMENT-BUILDING MATERIALS-CEMENTITIOUS, CONCRETE AND MINERAL BOUND MATERIALS-CONCRETE | ||
| 700 | 1 | _aAllain, Pierre | |
| 700 | 1 | _aVeuille, Maxime | |
| 942 |
_n0 _2ddc |
||
| 999 |
_c82593 _d82593 |
||